De los títulos valores : (Registro nro. 7903)

Detalles MARC
000 -LEADER
fixed length control field 00788nam a2200229Ia 4500
003 - CONTROL NUMBER IDENTIFIER
control field OSt
005 - DATE AND TIME OF LATEST TRANSACTION
control field 20210605114412.0
008 - FIXED-LENGTH DATA ELEMENTS--GENERAL INFORMATION
fixed length control field 210310s1995 ck fr 001 0 spa d
020 ## - INTERNATIONAL STANDARD BOOK NUMBER
International Standard Book Number 9583500488
040 ## - CATALOGING SOURCE
Original cataloging agency CO-JMCR
Transcribing agency CO-JMCR
041 0# - LANGUAGE CODE
Language code of text/sound track or separate title spa
082 04 - DEWEY DECIMAL CLASSIFICATION NUMBER
Classification number 346.092 /
Item number T866d
Edition number 23
100 1# - MAIN ENTRY--PERSONAL NAME
Personal name Trujillo Calle, Bernardo,
9 (RLIN) 15774
Relator term autor
245 10 - TITLE STATEMENT
Title De los títulos valores :
Remainder of title de contenido crediticio /
Statement of responsibility, etc. Bernardo Trujillo Calle
260 ## - PUBLICATION, DISTRIBUTION, ETC.
Place of publication, distribution, etc. Bogotá :
Name of publisher, distributor, etc. Temis,
Date of publication, distribution, etc. 1995
300 ## - PHYSICAL DESCRIPTION
Extent xx, 326 páginas ;
Dimensions 24 cm.
500 ## - GENERAL NOTE
General note Incluye notas a pie de página e índices de autores, de disposiciones y de materias.
505 1# - FORMATTED CONTENTS NOTE
Formatted contents note V.2. Letras. Pagarés. Cheques. Facturas cambiarias. C.D.T.
650 14 - SUBJECT ADDED ENTRY--TOPICAL TERM
Topical term or geographic name entry element Valores
9 (RLIN) 15776
650 24 - SUBJECT ADDED ENTRY--TOPICAL TERM
Topical term or geographic name entry element Documentos negociables
9 (RLIN) 38157
942 ## - ADDED ENTRY ELEMENTS (KOHA)
Source of classification or shelving scheme Dewey Decimal Classification
Koha item type Books
Existencias
Withdrawn status Lost status Source of classification or shelving scheme Damaged status Not for loan Collection code Home library Current library Date acquired Source of acquisition Total Checkouts Full call number Barcode Date last seen Date last checked out Copy number Koha item type
    Dewey Decimal Classification     Non-fiction Biblioteca Pública José María del Castillo y Rada Biblioteca Pública José María del Castillo y Rada 04/15/2018 Donación 2 346.092 / T866d 430003360 10/21/2024 10/15/2024 V.1 / Ej.1 Books